Department of Veterans Affairs Real Property and Facilities Management Improvement Act of 2004 : report (to accompany S. 2485).

Bibliographic Details
Corporate Author: United States. Congress. Senate. Committee on Veterans' Affairs
Format: Government Document Book
Language:English
Published: [Washington, D.C.] : [U.S. G.P.O.], [2004]
Series:Report / 108th Congress, 2d session, Senate ; 108-358
Subjects:
Online Access:https://purl.fdlp.gov/GPO/LPS55773

MARC

Tag First Indicator Second Indicator Subfields
LEADER 00000cam a2200000 a 4500
001 in00002017463
005 20211202202758.0
008 041202s2004 dcu f000 0 eng c
035 |a (OCoLC)ocm57077419 
040 |a GPO  |c GPO  |d MvI  |d UtOrBLW 
042 |a pcc 
043 |a n-us--- 
049 |a UDOC 
049 |a WWW 
050 1 4 |a KF31  |b .V4 2004b 
074 |a 1008-C 
074 |a 1008-C (online) 
074 |a 1008-D (MF) 
074 |a 1008-D (online) 
086 0 |a Y 1.1/5:108-358 
110 1 |a United States.  |b Congress.  |b Senate.  |b Committee on Veterans' Affairs. 
245 1 0 |a Department of Veterans Affairs Real Property and Facilities Management Improvement Act of 2004 :  |b report (to accompany S. 2485). 
264 1 |a [Washington, D.C.] :  |b [U.S. G.P.O.],  |c [2004] 
300 |a 36 pages ;  |c 24 cm. 
336 |a text  |b txt  |2 rdacontent 
337 |a unmediated  |b n  |2 rdamedia 
338 |a volume  |b nc  |2 rdacarrier 
490 1 |a Report / 108th Congress, 2d session, Senate ;  |v 108-358 
500 |a Caption title. 
500 |a Shipping list number: 2005-0043-P. 
500 |a Distributed to some depository libraries in microfiche. 
500 |a "September 27, 2004." 
500 |a Shipping List Date: 11/26/2004 
530 |a Also available via Internet from the GPO Access web site. Address as of 11/30/04: http://frwebgate.access.gpo.gov/cgi-bin/getdoc.cgi?dbname=108%5Fcong%5Freports&docid=f:sr358.108.pdf; current access is available via PURL. 
610 1 0 |a United States.  |b Department of Veterans Affairs  |x Management. 
810 1 |a United States.  |b Congress.  |b Senate.  |t Report ;  |v 108-358. 
856 4 1 |u https://purl.fdlp.gov/GPO/LPS55773  |t 0 
999 |a MARS 
999 f f |s 6f4891c8-a604-34c3-b232-59d39fad4a3d  |i b6498e6e-7204-3a58-9ad1-551c5cb7164a  |t 0 
952 f f |a Texas A&M University  |b College Station  |c Electronic Resources  |d Available Online  |t 0  |e Y 1.1/5:108-358  |h Superintendent of Documents classification 
998 f f |a Y 1.1/5:108-358  |t 0  |l Available Online